W Jakim Klubie Grał ten Piłkarz? - Statystyki

Ogólne statystyki
  • Ten quiz został rozwiązany 129 razy
    104 od ostatniego zresetowania
  • Średni wynik to 4 z 10
Statystyki odpowiedzi
Zagadnienie Odpowiedź % Poprawnych
Mesut Ozil Werder Brema
80%
Mohamed Salah FC Basel
78%
Salomon Kalou Chelsea
53%
Henrik Larsson Manchester United
40%
Djibril Cissé Panathinaikos
37%
Branislav Ivanović Lokomotiv Moskwa
24%
Claudio Pizzarro Hamburger SV
20%
Juan Sebastián Verón Sampdoria
15%
Vedad Ibisević PSG
10%
Rodrigo Palacio Bella Vista
8%
Nie znaleziono quizów pasujących do podanych kryteriów
Rozkład punktacji
Procent ludzi z każdym wynikiem
Percentyl według liczby udzielonych odpowiedzi
Twoja historia wyników
Nie rozwiązałeś tego quizu od ostatniego zresetowania